00447nam a2200181 a 45000010005000000030009000050080041000140400028000550820016000831000026000992450011001252600048001363000015001844900014001996500023002139420012002369990017002481731CO-ViMGA141112s2004 ck r 000 u spa d aCO-ViMGAbspacCO-ViMGA04a839.9 N677k1 aNostlinger, Christine10aKonrad aSantafé de Bogotá : bAlfaguara, c1991 a144 p : il aJuveniles14aCUENTOS AUSTRIACOS 2ddccBK c13907d13907